[Event "CRO-ch U15"]
[Site "Trogir"]
[Date "2020.08.25"]
[Round "3"]
[White "Orac, David"]
[Black "Sparada, Petar"]
[Result "1-0"]
[WhiteElo "1503"]
[BlackElo "1600"]
[PlyCount "59"]
[EventDate "2020.08.24"]
[EventType "swiss"]
[EventRounds "9"]
[EventCountry "CRO"]
[SourceTitle "CBM 198 Extra"]
[Source "ChessBase"]
[SourceDate "2020.11.30"]
[SourceVersion "1"]
[SourceVersionDate "2020.11.30"]
[SourceQuality "1"]

1. e4 c5 2. Nf3 Nc6 3. d4 cxd4 4. Nxd4 g6 5. Nc3 Bg7 6. Be3 d6 7. Qd2 Bd7 8. h3 Nf6 9. f4 0-0 10. 0-0-0 a5 11. Be2 a4 12. a3 Ra5 13. g4 Nxd4 14. Bxd4 b5 15. Qe3 Qb8 16. e5 Ne8 17. Nd5 dxe5 18. Bxe5 Nd6 19. Nxe7+ Kh8 20. Rxd6 Bxe5 21. Qxe5+ f6 22. Rxf6 Qxe5 23. Rxf8+ Kg7 24. Rg8+ Kf7 25. fxe5 Kxe7 26. Rg7+ Ke6 27. Rxh7 Bc6 28. Re1 b4 29. axb4 Rxe5 30. Bc4+ 1-0

[Event "CRO-ch U15"]
[Site "Trogir"]
[Date "2019.06.19"]
[Round "5"]
[White "Orac, David"]
[Black "Dumancic, Simun"]
[Result "0-1"]
[WhiteElo "1521"]
[BlackElo "1836"]
[PlyCount "44"]
[EventDate "2019.06.17"]
[EventType "swiss"]
[EventRounds "9"]
[EventCountry "CRO"]
[SourceTitle "EXT 2020"]
[Source "ChessBase"]
[SourceDate "2019.10.17"]
[SourceVersion "1"]
[SourceVersionDate "2019.10.17"]
[SourceQuality "1"]

1. e4 e5 2. Nf3 Nc6 3. d4 exd4 4. Nxd4 Bc5 5. Be3 Qf6 6. c3 Nge7 7. f3 0-0 8. Be2 d6 9. 0-0 Re8 10. Qd2 d5 11. exd5 Nxd5 12. Bf2 Nf4 13. Bb5 Nxd4 14. Bxd4 Bxd4+ 15. cxd4 c6 16. Bc4 b5 17. Re1 Rxe1+ 18. Qxe1 Qxd4+ 19. Kh1 Bd7 20. Bf1 Re8 21. Qc3 Qf2 22. Nd2 Ne2 0-1

[Event "CRO-ch U13"]
[Site "Trogir"]
[Date "2018.06.21"]
[Round "9"]
[White "Jaksic, Josip"]
[Black "Orac, David"]
[Result "0-1"]
[WhiteElo "1453"]
[BlackElo "1458"]
[PlyCount "66"]
[EventDate "2018.06.16"]
[EventType "swiss"]
[EventRounds "9"]
[EventCountry "CRO"]
[SourceTitle "EXT 2019"]
[Source "ChessBase"]
[SourceDate "2018.10.10"]
[SourceVersion "1"]
[SourceVersionDate "2018.10.10"]
[SourceQuality "1"]

1. e4 c5 2. Nf3 d6 3. Bc4 Bg4 4. c3 Nf6 5. d3 g6 6. h3 Bxf3 7. Qxf3 Nc6 8. Be3 Qb6 9. Bb3 Bg7 10. Qd1 0-0 11. Qc1 Ne5 12. Bc2 Qb5 13. d4 cxd4 14. Bxd4 Nd3+ 15. Bxd3 Qxd3 16. f3 Nh5 17. Qe3 Qc2 18. Qd2 Qxd2+ 19. Nxd2 Bxd4 20. cxd4 Rac8 21. Kd1 Nf4 22. g3 Nd3 23. Ke2 Nxb2 24. Rab1 Rc2 25. Rhc1 Rfc8 26. Rxc2 Rxc2 27. h4 b6 28. Ke1 Na4 29. a3 Rc3 30. Ra1 Rd3 31. d5 Nc3 32. g4 Nb5 33. a4 Nd4 0-1

[Event "CRO-ch U13"]
[Site "Trogir"]
[Date "2018.06.20"]
[Round "8"]
[White "Hajpek, Erik"]
[Black "Orac, David"]
[Result "1/2-1/2"]
[WhiteElo "1762"]
[BlackElo "1458"]
[PlyCount "54"]
[EventDate "2018.06.16"]
[EventType "swiss"]
[EventRounds "9"]
[EventCountry "CRO"]
[SourceTitle "EXT 2019"]
[Source "ChessBase"]
[SourceDate "2018.10.10"]
[SourceVersion "1"]
[SourceVersionDate "2018.10.10"]
[SourceQuality "1"]

1. e4 c5 2. Nf3 d6 3. d4 cxd4 4. Nxd4 g6 5. Nc3 a6 6. Be3 Nf6 7. f3 Bg7 8. Qd2 Bd7 9. Bh6 0-0 10. h4 Nc6 11. Nb3 Ne5 12. Be2 Nh5 13. Bxg7 Kxg7 14. g4 Ng3 15. Rh3 Nxe2 16. Qxe2 h5 17. Rg3 hxg4 18. fxg4 Qc8 19. g5 Bg4 20. Qg2 Rh8 21. Nd5 Bf3 22. Rxf3 Nxf3+ 23. Qxf3 Qxc2 24. Nd4 Qh2 25. 0-0-0 Qxh4 26. Rg1 Qh2 27. Rf1 Rhf8 1/2-1/2